Online Catalogue and eLibrary

Welendage maranaya (Record no. 5370)

MARC details
000 -LEADER
fixed length control field 00427nam a2200157Ia 4500
005 - DATE AND TIME OF LATEST TRANSACTION
control field 20250324021142.0
008 - FIXED-LENGTH DATA ELEMENTS--GENERAL INFORMATION
fixed length control field 240331s9999 xx 000 0 und d
020 ## - INTERNATIONAL STANDARD BOOK NUMBER
ISBN 9559001094
082 ## - DDC Classification
Item Number - Author Mark WEE
Class No. 891
100 ## - MAIN ENTRY--PERSONAL NAME
Personal name Weerasinghe,S
245 #0 - TITLE STATEMENT
Title Welendage maranaya
260 ## - PUBLICATION, DISTRIBUTION, ETC.
Place of publication, distribution, etc. Veyangoda
Name of publisher, distributor, etc. Paraba Publication
Date of publication, distribution, etc. 1991
300 ## - PHYSICAL DESCRIPTION
Extent (e.g. Volumes, Pages etc.) 170 p .,
500 ## - GENERAL NOTE
General note Story Based on a who strived to reach his goals and education
942 ## - Koha item type (Biblio)
Koha item type Books in Stacks (Lending)
Holdings
Lost status Damaged status Collection code Home library Current library Shelving location Date acquired Full call number Accession Number Item type
    Lending WERC Library WERC Library Social Science Cupboard 03/31/2024 891.48 WEE 1287 Books in Stacks (Lending)

© WERC Library